| 000 | 00353nam a22001337a 4500 | ||
|---|---|---|---|
| 020 | _a9789332552616 | ||
| 040 | _cNUST | ||
| 082 |
_a658.312 _bSTE |
||
| 100 |
_aStevens, Richard & Brook,Peter _934585 |
||
| 245 |
_aSystems Engineering : _bCoping with Complexity |
||
| 260 |
_aDelhi. : _bPearson, _c2013. |
||
| 300 |
_a374 p .: _c23 cm. |
||
| 942 |
_2ddc _cBK |
||
| 999 |
_c540520 _d540520 |
||